[Event "Tabor op"]
[Site "Tabor"]
[Date "2008.08.02"]
[Round "8"]
[White "Sveda, Jiri"]
[Black "Lomsky, Radek"]
[Result "0-1"]
[WhiteElo "1970"]
[BlackElo "1722"]
[PlyCount "128"]
[EventDate "2008.07.26"]
[EventType "swiss"]
[EventRounds "9"]
[EventCountry "CZE"]
[SourceTitle "CBM 125 Extra"]
[Source "ChessBase"]
[SourceDate "2008.09.01"]
[SourceVersion "1"]
[SourceVersionDate "2008.09.01"]
[SourceQuality "1"]

1. e4 c5 2. Nf3 d6 3. c3 Bg4 4. Bc4 e6 5. d3 Nc6 6. Nbd2 Nf6 7. h3 Bxf3 8. Nxf3 Be7 9. 0-0 0-0 10. Bb3 Re8 11. Bg5 Qc7 12. Re1 b5 13. Rc1 h6 14. Bh4 Nh7 15. Bxe7 Qxe7 16. Qe2 e5 17. Kh1 Ng5 18. Nh4 Qf6 19. Nf5 Ne7 20. Nxe7+ Qxe7 21. Qg4 Ne6 22. g3 Kh8 23. h4 Rab8 24. Re2 a5 25. Bd5 b4 26. Rd1 Rb6 27. Kg2 Reb8 28. Bb3 Qd7 29. Qf5 Qe7 30. Re3 Rf8 31. Rf3 Rbb8 32. Rh1 Kg8 33. Rd1 Rbc8 34. Re1 Rb8 35. Qg4 Nd8 36. Rf5 Kh8 37. h5 f6 38. f4 Nc6 39. Rf1 Rbd8 40. Qe2 Rb8 41. Bd5 Na7 42. fxe5 dxe5 43. Bc4 Nc6 44. R1f2 a4 45. Bd5 Na7 46. Qd2 Nb5 47. R5f3 a3 48. cxb4 cxb4 49. bxa3 bxa3 50. Qc1 Nd4 51. Re3 Rfc8 52. Bc4 Rc6 53. Re1 Rcb6 54. Ref1 Rb2 55. Kh3 Ne6 56. Bxe6 Qxe6+ 57. g4 Qxa2 58. Kg3 Rxf2 59. Rxf2 Qb3 60. Rf3 a2 61. Rxf6 Qxd3+ 62. Rf3 Qd4 63. Qa3 a1Q 64. Rf8+ Kh7 0-1

[Event "Tabor op"]
[Site "Tabor"]
[Date "2005.08.??"]
[Round "6"]
[White "Gschwendtner, Stanislav"]
[Black "Lomsky, Radek"]
[Result "1/2-1/2"]
[WhiteElo "2165"]
[BlackElo "1689"]
[PlyCount "43"]
[EventDate "2005.07.30"]
[EventType "swiss"]
[EventRounds "9"]
[EventCountry "CZE"]
[SourceTitle "EXT 2006"]
[Source "ChessBase"]
[SourceDate "2005.11.24"]
[SourceVersion "1"]
[SourceVersionDate "2005.11.24"]
[SourceQuality "1"]

1. c4 Nf6 2. Nc3 e6 3. e4 d6 4. g3 Be7 5. Bg2 0-0 6. Nge2 c6 7. d4 Nbd7 8. 0-0 Qc7 9. h3 a6 10. a4 Re8 11. Be3 e5 12. f4 Rb8 13. Rc1 b6 14. b4 Bf8 15. d5 c5 16. b5 a5 17. f5 Qd8 18. g4 h6 19. Qe1 Nh7 20. h4 Be7 21. Bf2 g5 22. h5 1/2-1/2